Vista normal
Vista MARC
Entrada Materia (personas)
Número de registros utilizados en: 1
001 - CONTROL NUMBER
- control field: 71995
003 - CONTROL NUMBER IDENTIFIER
- control field: Co-BoUCM
005 - DATE AND TIME OF LATEST TRANSACTION
- control field: 20151005083243.0
008 - FIXED-LENGTH DATA ELEMENTS
- fixed length control field: 151005|| aca||aabn | a|a d
040 ## - CATALOGING SOURCE
- Original cataloging agency: Co-BoUCM
- Transcribing agency: Co-BoUCM
100 ## - HEADING--PERSONAL NAME
- Personal name: Antist, Vicente Justiniano
- Dates associated with a name: 1544-1599
670 ## - SOURCE DATA FOUND
- Source citation: Work cat.: (Co-BoUCM): Antist, Vicente Justiniano 1544-1599, Verdadera relación de la vida y muerte del P. Fr. Luis Bertrán de bienaventurada memoria, 1884